| 000 | 00850nam a2200241Ia 4500 | ||
|---|---|---|---|
| 005 | 20220614161528.0 | ||
| 008 | 210716s2010 xx 000 0 und d | ||
| 020 | _a0070146721 | ||
| 040 | _cAIMIT LIBRARY | ||
| 041 | _aeng | ||
| 082 |
_a658.4012 _216 _bTHOA |
||
| 100 |
_aThompson, Arthur A _942355 |
||
| 245 |
_aCrafting and executing strategy : _bThe quest for competitive advantage / _cBy Arthur A. Thompson…[et al.] |
||
| 250 |
_a16th ed. ; _bSpecial Indian Edition |
||
| 260 |
_aNew Delhi _bTata McGraw Hill Publishing Company Ltd _c2010. |
||
| 300 |
_axxxix,459,C499,EN12,I48 _bPB _c24cm |
||
| 650 |
_aStrategic Management _942356 |
||
| 650 |
_aStrategic Thinking Capsule _942357 |
||
| 700 |
_aStrickland A J III, _942358 |
||
| 700 |
_aGamble, John E _942359 |
||
| 700 |
_aJain, Arun K. _942360 |
||
| 942 |
_2ddc _cBK _e16th _k658.4012 THOA |
||
| 999 |
_c204022 _d204022 |
||